000 00783nam a22002537a 4500
001 3854
003 FISKH
005 20240521082425.0
008 240517b cb ||||| |||| 00| 0 eng d
040 _aFISK
_beng
_cFISK
_dFISK
050 _aPZ7.S55915
082 _a813.54
100 _aShreve Susan
_d1939-
245 _aJonah the whale /
_cSusan Shreve
260 _aNew York :
_bScholastic,
_c1999
300 _a110 pages :
_c20 cm
505 _aM
520 _aAfter moving to a new town, Jonah, an eleven-year-old with a big imagination, reinvents himself as a talk show host, hoping this will somehow bring his absent father back.
521 8 _a740
_bLexiles
521 8 _aM
_bRaz-Plus
700 _aSusan Shreve
942 _2ddc
_cBK
_n0
999 _c3854
_d3854